[Event "Masters"]
[Site "Heerlen and Maastricht, NL"]
[Date "2025.06.07"]
[Round "6"]
[White "De Winter, Arthur"]
[Black "Grutter, Tim"]
[Result "1/2-1/2"]
[Board "4"]
[WhiteFideId "1069020"]
[BlackFideId "1057472"]
[WhiteTitle "IM"]
[BlackTitle "IM"]
[WhiteElo "2460"]
[BlackElo "2404"]
[WhiteTeam "NED"]
[BlackTeam "NED"]
[WhiteClock "0:02:42"]
[BlackClock "0:05:26"]
[Variant "Standard"]

1. d4 {[%clk 1:30:36]}  Nf6 {[%clk 1:28:08]} 2. c4 {[%clk 1:31:01]}  e6 {[%clk 1:28:35]} 3. Nf3 {[%clk 1:27:56]}  d5 {[%clk 1:28:53]} 4. g3 {[%clk 1:28:25]}  Bb4+ {[%clk 1:29:17]} 5. Nc3 {[%clk 1:28:44]}  O-O {[%clk 1:26:03]} 6. Bg2 {[%clk 1:28:51]}  dxc4 {[%clk 1:23:09]} 7. O-O {[%clk 1:29:18]}  c5 {[%clk 1:20:34]} 8. dxc5 {[%clk 1:29:01]}  Bxc5 {[%clk 1:19:13]} 9. Qxd8 {[%clk 1:28:52]}  Rxd8 {[%clk 1:19:42]} 10. Ne5 {[%clk 1:29:15]}  Nc6 {[%clk 1:13:51]} 11. Nxc4 {[%clk 1:28:59]}  Bd7 {[%clk 1:08:03]} 12. Bf4 {[%clk 1:29:09]}  Rac8 {[%clk 0:59:17]} 13. Rac1 {[%clk 1:23:17]}  b6 {[%clk 0:55:15]} 14. Rfd1 {[%clk 0:58:51]}  Be8 {[%clk 0:41:52]} 15. h3 {[%clk 0:53:35]}  h6 {[%clk 0:37:30]} 16. b3 {[%clk 0:52:07]}  Rxd1+ {[%clk 0:28:23]} 17. Rxd1 {[%clk 0:52:22]}  Rd8 {[%clk 0:25:22]} 18. Rxd8 {[%clk 0:49:06]}  Nxd8 {[%clk 0:25:07]} 19. Bc7 {[%clk 0:33:00]}  Nc6 {[%clk 0:23:07]} 20. Bd6 {[%clk 0:32:20]}  Bxd6 {[%clk 0:17:50]} 21. Nxd6 {[%clk 0:31:10]}  Ne7 {[%clk 0:17:11]} 22. Kf1 {[%clk 0:09:26]}  Bc6 {[%clk 0:16:03]} 23. Ncb5 {[%clk 0:08:30]}  a5 {[%clk 0:09:54]} 24. Bxc6 {[%clk 0:07:36]}  Nxc6 {[%clk 0:10:22]} 25. Ke1 {[%clk 0:07:34]}  Nd7 {[%clk 0:09:34]} 26. Kd2 {[%clk 0:06:13]}  Kf8 {[%clk 0:09:53]} 27. a3 {[%clk 0:04:14]}  Ke7 {[%clk 0:09:27]} 28. Kc3 {[%clk 0:03:54]}  g5 {[%clk 0:04:16]} 29. Nc8+ {[%clk 0:02:29]}  Kd8 {[%clk 0:04:35]} 30. Ncd6 {[%clk 0:02:53]}  Ke7 {[%clk 0:05:02]} 31. Nc8+ {[%clk 0:02:37]}  Kd8 {[%clk 0:05:26]} 32. Ncd6 {[%clk 0:02:42]} 1/2-1/2

[Event "Masters"]
[Site "Heerlen and Maastricht, NL"]
[Date "2025.06.07"]
[Round "6"]
[White "Schoppen, Casper"]
[Black "Beukema, Stefan"]
[Result "1-0"]
[Board "5"]
[WhiteFideId "1046730"]
[BlackFideId "1024523"]
[WhiteTitle "GM"]
[BlackTitle "IM"]
[WhiteElo "2535"]
[BlackElo "2423"]
[WhiteTeam "NED"]
[BlackTeam "BEL"]
[WhiteClock "0:21:40"]
[BlackClock "0:41:57"]
[Variant "Standard"]

1. d4 {[%clk 1:21:19]}  d5 {[%clk 1:30:58]} 2. c4 {[%clk 1:21:44]}  c6 {[%clk 1:31:23]} 3. Nf3 {[%clk 1:22:06]}  Nf6 {[%clk 1:31:47]} 4. e3 {[%clk 1:22:19]}  e6 {[%clk 1:31:49]} 5. b3 {[%clk 1:21:11]}  Ne4 {[%clk 1:28:12]} 6. Bd3 {[%clk 1:21:10]}  Bb4+ {[%clk 1:25:58]} 7. Nbd2 {[%clk 1:16:46]}  Nd7 {[%clk 1:23:43]} 8. a3 {[%clk 1:11:44]}  Bc3 {[%clk 1:18:27]} 9. Ra2 {[%clk 1:10:53]}  e5 {[%clk 1:16:21]} 10. cxd5 {[%clk 1:06:56]}  cxd5 {[%clk 1:14:48]} 11. dxe5 {[%clk 1:01:10]}  Ndc5 {[%clk 1:13:04]} 12. Bb5+ {[%clk 0:55:38]}  Kf8 {[%clk 0:51:04]} 13. O-O {[%clk 0:51:58]}  Bg4 {[%clk 0:50:47]} 14. Be2 {[%clk 0:38:51]}  h5 {[%clk 0:50:30]} 15. Rc2 {[%clk 0:30:42]}  Rc8 {[%clk 0:49:47]} 16. Nd4 {[%clk 0:29:40]}  Nd3 {[%clk 0:44:02]} 17. N2f3 {[%clk 0:27:24]}  Bxf3 {[%clk 0:41:38]} 18. Bxf3 {[%clk 0:21:00]}  Nxe5 {[%clk 0:41:43]} 19. Bxe4 {[%clk 0:21:17]}  dxe4 {[%clk 0:41:57]} 20. Rxc3 {[%clk 0:21:40]} 1-0

[Event "Masters"]
[Site "Heerlen and Maastricht, NL"]
[Date "2025.06.08"]
[Round "7"]
[White "Beukema, Stefan"]
[Black "Braun, Christian"]
[Result "1-0"]
[Board "1"]
[WhiteFideId "1024523"]
[BlackFideId "4692098"]
[WhiteTitle "IM"]
[BlackTitle "IM"]
[WhiteElo "2423"]
[BlackElo "2390"]
[WhiteTeam "BEL"]
[BlackTeam "GER"]
[WhiteClock "0:01:39"]
[BlackClock "0:08:18"]
[Variant "Standard"]

1. c4 {[%clk 1:30:53]}  g6 {[%clk 1:16:29]} 2. g3 {[%clk 1:31:05]}  Bg7 {[%clk 1:16:43]} 3. Bg2 {[%clk 1:31:28]}  d6 {[%clk 1:16:54]} 4. Nc3 {[%clk 1:30:55]}  Nf6 {[%clk 1:17:15]} 5. d4 {[%clk 1:31:02]}  O-O {[%clk 1:17:37]} 6. h3 {[%clk 1:30:09]}  Nbd7 {[%clk 1:14:29]} 7. e4 {[%clk 1:23:35]}  e5 {[%clk 1:14:53]} 8. Nf3 {[%clk 1:23:42]}  exd4 {[%clk 1:15:14]} 9. Nxd4 {[%clk 1:24:06]}  Re8 {[%clk 1:15:39]} 10. O-O {[%clk 1:24:22]}  Nc5 {[%clk 1:16:05]} 11. Re1 {[%clk 1:24:43]}  a5 {[%clk 1:16:29]} 12. Ndb5 {[%clk 1:21:54]}  Bd7 {[%clk 1:14:07]} 13. Bf4 {[%clk 1:19:24]}  h6 {[%clk 1:12:28]} 14. Nxc7 {[%clk 1:06:31]}  Qxc7 {[%clk 1:12:33]} 15. Bxd6 {[%clk 1:06:43]}  Qb6 {[%clk 1:10:34]} 16. e5 {[%clk 1:05:41]}  Nh7 {[%clk 0:30:01]} 17. Bxc5 {[%clk 0:58:43]}  Qxc5 {[%clk 0:30:29]} 18. Qxd7 {[%clk 0:59:05]}  Bxe5 {[%clk 0:29:44]} 19. Bxb7 {[%clk 0:49:30]}  Rab8 {[%clk 0:24:58]} 20. Bd5 {[%clk 0:45:46]}  Re7 {[%clk 0:20:12]} 21. Na4 {[%clk 0:23:43]}  Qb4 {[%clk 0:17:23]} 22. Qc6 {[%clk 0:18:50]}  Kg7 {[%clk 0:16:54]} 23. a3 {[%clk 0:15:03]}  Qd2 {[%clk 0:12:33]} 24. Rad1 {[%clk 0:12:14]}  Qg5 {[%clk 0:12:56]} 25. h4 {[%clk 0:12:39]}  Qg4 {[%clk 0:12:11]} 26. Bf3 {[%clk 0:10:59]}  Qh3 {[%clk 0:12:30]} 27. Bg2 {[%clk 0:10:11]}  Qg4 {[%clk 0:12:52]} 28. Qf3 {[%clk 0:06:41]}  Qxc4 {[%clk 0:13:07]} 29. Re4 {[%clk 0:05:22]}  Qc2 {[%clk 0:12:12]} 30. Rde1 {[%clk 0:04:17]}  Nf6 {[%clk 0:12:15]} 31. Qe2 {[%clk 0:04:15]}  Qxe2 {[%clk 0:09:04]} 32. R4xe2 {[%clk 0:04:39]}  Rbe8 {[%clk 0:09:18]} 33. Bc6 {[%clk 0:04:36]}  Rc8 {[%clk 0:09:26]} 34. Rxe5 {[%clk 0:03:42]}  Rxe5 {[%clk 0:09:52]} 35. Rxe5 {[%clk 0:04:10]}  Rxc6 {[%clk 0:10:15]} 36. Rxa5 {[%clk 0:04:38]}  Ne4 {[%clk 0:10:39]} 37. b4 {[%clk 0:02:28]}  Rc2 {[%clk 0:10:04]} 38. b5 {[%clk 0:01:43]}  Nxf2 {[%clk 0:10:21]} 39. b6 {[%clk 0:01:55]}  Ne4 {[%clk 0:09:11]} 40. Rb5 {[%clk 0:01:01]}  Nd2 {[%clk 0:07:33]} 41. b7 {[%clk 0:00:51]}  Nf3+ {[%clk 0:07:34]} 42. Kf1 {[%clk 0:01:18]}  Rd2 {[%clk 0:07:54]} 43. Rb2 {[%clk 0:00:47]}  Nh2+ {[%clk 0:07:53]} 44. Kg1 {[%clk 0:01:13]}  Nf3+ {[%clk 0:08:18]} 45. Kh1 {[%clk 0:01:39]} 1-0

[Event "Masters"]
[Site "Heerlen and Maastricht, NL"]
[Date "2025.06.08"]
[Round "7"]
[White "Grutter, Tim"]
[Black "Schoppen, Casper"]
[Result "0-1"]
[Board "2"]
[WhiteFideId "1057472"]
[BlackFideId "1046730"]
[WhiteTitle "IM"]
[BlackTitle "GM"]
[WhiteElo "2404"]
[BlackElo "2535"]
[WhiteTeam "NED"]
[BlackTeam "NED"]
[WhiteClock "0:01:34"]
[BlackClock "0:04:41"]
[Variant "Standard"]

1. e4 {[%clk 1:29:33]}  c5 {[%clk 1:27:10]} 2. Nf3 {[%clk 1:29:50]}  d6 {[%clk 1:27:29]} 3. Bb5+ {[%clk 1:29:39]}  Nd7 {[%clk 1:26:59]} 4. a4 {[%clk 1:29:56]}  Ngf6 {[%clk 1:25:16]} 5. Nc3 {[%clk 1:29:21]}  a6 {[%clk 1:23:20]} 6. Be2 {[%clk 1:28:19]}  b6 {[%clk 1:20:53]} 7. d4 {[%clk 1:26:10]}  cxd4 {[%clk 1:21:17]} 8. Qxd4 {[%clk 1:26:26]}  e5 {[%clk 1:13:06]} 9. Qe3 {[%clk 1:24:39]}  Be7 {[%clk 1:13:24]} 10. O-O {[%clk 1:24:07]}  O-O {[%clk 1:13:46]} 11. Nd2 {[%clk 1:19:43]}  Bb7 {[%clk 1:11:33]} 12. Rd1 {[%clk 1:18:26]}  Nc5 {[%clk 1:02:38]} 13. b3 {[%clk 1:10:38]}  Ne6 {[%clk 0:59:43]} 14. Nc4 {[%clk 1:08:28]}  Nd4 {[%clk 0:59:24]} 15. Rxd4 {[%clk 1:03:52]}  exd4 {[%clk 0:59:30]} 16. Qxd4 {[%clk 1:04:19]}  d5 {[%clk 0:49:22]} 17. Nxb6 {[%clk 0:56:45]}  dxe4 {[%clk 0:49:21]} 18. Qxd8 {[%clk 0:53:24]}  Raxd8 {[%clk 0:49:45]} 19. Be3 {[%clk 0:53:10]}  Bb4 {[%clk 0:38:56]} 20. Na2 {[%clk 0:51:52]}  Bd2 {[%clk 0:38:23]} 21. Bc5 {[%clk 0:49:06]}  Rfe8 {[%clk 0:38:29]} 22. Nc4 {[%clk 0:47:22]}  Bf4 {[%clk 0:36:14]} 23. g3 {[%clk 0:35:28]}  Bc7 {[%clk 0:36:05]} 24. Nc3 {[%clk 0:33:13]}  Nd5 {[%clk 0:24:40]} 25. Nxd5 {[%clk 0:32:40]}  Rxd5 {[%clk 0:25:03]} 26. Be3 {[%clk 0:29:44]}  h5 {[%clk 0:24:11]} 27. a5 {[%clk 0:28:01]}  h4 {[%clk 0:22:22]} 28. Nb6 {[%clk 0:25:37]}  Rdd8 {[%clk 0:21:49]} 29. Na4 {[%clk 0:16:21]}  Bxa5 {[%clk 0:19:02]} 30. Nc5 {[%clk 0:16:45]}  Bc3 {[%clk 0:19:26]} 31. Ra4 {[%clk 0:15:04]}  Ba8 {[%clk 0:18:35]} 32. Nxa6 {[%clk 0:13:10]}  Bc6 {[%clk 0:17:43]} 33. Ra3 {[%clk 0:09:33]}  Bd4 {[%clk 0:12:12]} 34. b4 {[%clk 0:09:09]}  Bxe3 {[%clk 0:11:54]} 35. Rxe3 {[%clk 0:08:00]}  h3 {[%clk 0:10:49]} 36. c4 {[%clk 0:01:59]}  Rd2 {[%clk 0:06:14]} 37. f4 {[%clk 0:01:36]}  Ra8 {[%clk 0:04:43]} 38. b5 {[%clk 0:01:39]}  Bb7 {[%clk 0:05:09]} 39. c5 {[%clk 0:00:55]}  Bxa6 {[%clk 0:05:01]} 40. bxa6 {[%clk 0:01:24]}  f5 {[%clk 0:04:32]} 41. Kf2 {[%clk 0:00:38]}  Rc2 {[%clk 0:01:58]} 42. g4 {[%clk 0:00:53]}  g6 {[%clk 0:01:45]} 43. gxf5 {[%clk 0:00:46]}  gxf5 {[%clk 0:02:14]} 44. Kg3 {[%clk 0:00:37]}  Kf7 {[%clk 0:02:04]} 45. Kxh3 {[%clk 0:00:37]}  Ke6 {[%clk 0:02:27]} 46. Bb5 {[%clk 0:00:33]}  Rh8+ {[%clk 0:01:47]} 47. Kg3 {[%clk 0:01:02]}  Rg8+ {[%clk 0:01:12]} 48. Kh3 {[%clk 0:01:27]}  Rxc5 {[%clk 0:00:55]} 49. Rb3 {[%clk 0:01:07]}  Kd5 {[%clk 0:00:39]} 50. a7 {[%clk 0:00:35]}  Ra8 {[%clk 0:00:50]} 51. Bd7 {[%clk 0:00:48]}  Kd4 {[%clk 0:00:49]} 52. Ra3 {[%clk 0:00:32]}  Rc3+ {[%clk 0:00:38]} 53. Rxc3 {[%clk 0:00:58]}  Kxc3 {[%clk 0:01:07]} 54. Bxf5 {[%clk 0:01:21]}  e3 {[%clk 0:01:28]} 55. Bg4 {[%clk 0:01:38]}  Rxa7 {[%clk 0:01:51]} 56. f5 {[%clk 0:01:43]}  Rf7 {[%clk 0:02:10]} 57. Kg3 {[%clk 0:01:49]}  Rxf5 {[%clk 0:02:31]} 58. h4 {[%clk 0:02:16]}  Rf8 {[%clk 0:02:13]} 59. Be2 {[%clk 0:01:28]}  Kd2 {[%clk 0:02:34]} 60. Bc4 {[%clk 0:01:32]}  e2 {[%clk 0:02:47]} 61. Bxe2 {[%clk 0:01:58]}  Kxe2 {[%clk 0:03:14]} 62. h5 {[%clk 0:02:20]}  Ke3 {[%clk 0:03:35]} 63. Kg4 {[%clk 0:02:32]}  Ke4 {[%clk 0:03:59]} 64. Kg5 {[%clk 0:02:20]}  Ke5 {[%clk 0:03:19]} 65. Kg6 {[%clk 0:02:25]}  Rg8+ {[%clk 0:03:04]} 66. Kf7 {[%clk 0:01:45]}  Rh8 {[%clk 0:03:29]} 67. Kg6 {[%clk 0:02:11]}  Ke6 {[%clk 0:03:46]} 68. h6 {[%clk 0:02:35]}  Rg8 {[%clk 0:04:08]} 69. Kh7 {[%clk 0:01:08]}  Rg5 {[%clk 0:04:21]} 70. Kh8 {[%clk 0:01:34]}  Kf6 {[%clk 0:04:41]} 0-1

[Event "Masters"]
[Site "Heerlen and Maastricht, NL"]
[Date "2025.06.08"]
[Round "7"]
[White "Zelbel, Patrick"]
[Black "De Winter, Arthur"]
[Result "1/2-1/2"]
[Board "3"]
[WhiteFideId "24624322"]
[BlackFideId "1069020"]
[WhiteTitle "IM"]
[BlackTitle "IM"]
[WhiteElo "2488"]
[BlackElo "2460"]
[WhiteTeam "GER"]
[BlackTeam "NED"]
[WhiteClock "0:01:56"]
[BlackClock "0:03:26"]
[Variant "Standard"]

1. e4 {[%clk 1:30:58]}  c5 {[%clk 1:29:40]} 2. c3 {[%clk 1:30:49]}  d5 {[%clk 1:29:53]} 3. exd5 {[%clk 1:31:15]}  Qxd5 {[%clk 1:30:18]} 4. d4 {[%clk 1:29:25]}  g6 {[%clk 1:30:01]} 5. Nf3 {[%clk 1:29:41]}  Bg7 {[%clk 1:30:26]} 6. Nbd2 {[%clk 1:29:08]}  cxd4 {[%clk 1:30:51]} 7. Bc4 {[%clk 1:29:27]}  Qc5 {[%clk 1:31:17]} 8. Qb3 {[%clk 1:29:00]}  Nh6 {[%clk 1:31:41]} 9. Ne4 {[%clk 1:28:28]}  Qb6 {[%clk 1:32:03]} 10. Nxd4 {[%clk 1:28:42]}  O-O {[%clk 1:32:24]} 11. O-O {[%clk 1:28:59]}  Nf5 {[%clk 1:32:48]} 12. Nxf5 {[%clk 1:28:48]}  Bxf5 {[%clk 1:33:15]} 13. Ng3 {[%clk 1:28:39]}  Bd7 {[%clk 1:33:34]} 14. Re1 {[%clk 1:28:18]}  e6 {[%clk 1:31:39]} 15. Ne4 {[%clk 1:14:09]}  Bc6 {[%clk 1:10:24]} 16. Bg5 {[%clk 0:50:16]}  Nd7 {[%clk 1:07:46]} 17. Rad1 {[%clk 0:41:45]}  Nc5 {[%clk 1:02:05]} 18. Qxb6 {[%clk 0:38:02]}  axb6 {[%clk 1:02:30]} 19. Nd6 {[%clk 0:36:57]}  Na4 {[%clk 0:41:19]} 20. Rd2 {[%clk 0:20:24]}  b5 {[%clk 0:38:44]} 21. Bb3 {[%clk 0:15:06]}  Nc5 {[%clk 0:38:20]} 22. h4 {[%clk 0:10:41]}  Ra6 {[%clk 0:25:26]} 23. Red1 {[%clk 0:09:56]}  h6 {[%clk 0:19:46]} 24. Be3 {[%clk 0:09:42]}  Nxb3 {[%clk 0:19:13]} 25. axb3 {[%clk 0:10:11]}  Rfa8 {[%clk 0:18:46]} 26. c4 {[%clk 0:08:28]}  bxc4 {[%clk 0:13:24]} 27. bxc4 {[%clk 0:08:55]}  Ra1 {[%clk 0:09:46]} 28. Bd4 {[%clk 0:06:23]}  Rxd1+ {[%clk 0:06:20]} 29. Rxd1 {[%clk 0:06:52]}  Ra4 {[%clk 0:05:56]} 30. Bxg7 {[%clk 0:06:00]}  Kxg7 {[%clk 0:06:23]} 31. b3 {[%clk 0:05:43]}  Rb4 {[%clk 0:03:33]} 32. Rd3 {[%clk 0:06:10]}  f5 {[%clk 0:03:59]} 33. f4 {[%clk 0:03:41]}  Kf6 {[%clk 0:04:04]} 34. Kf2 {[%clk 0:04:02]}  e5 {[%clk 0:03:41]} 35. fxe5+ {[%clk 0:03:44]}  Kxe5 {[%clk 0:04:09]} 36. Nf7+ {[%clk 0:02:09]}  Kf6 {[%clk 0:04:35]} 37. Nd6 {[%clk 0:01:52]}  Ke6 {[%clk 0:02:39]} 38. g3 {[%clk 0:00:45]}  g5 {[%clk 0:01:23]} 39. hxg5 {[%clk 0:00:38]}  hxg5 {[%clk 0:01:48]} 40. Ke3 {[%clk 0:01:03]}  Rb6 {[%clk 0:01:25]} 41. Kd4 {[%clk 0:00:34]}  Ra6 {[%clk 0:01:49]} 42. c5 {[%clk 0:00:37]}  Ra2 {[%clk 0:01:22]} 43. b4 {[%clk 0:00:35]}  Rb2 {[%clk 0:01:40]} 44. Kc3 {[%clk 0:00:36]}  Rb1 {[%clk 0:02:07]} 45. Re3+ {[%clk 0:00:35]}  Kf6 {[%clk 0:02:33]} 46. Ne8+ {[%clk 0:00:41]}  Kg6 {[%clk 0:02:43]} 47. Nd6 {[%clk 0:01:07]}  f4 {[%clk 0:02:38]} 48. Re6+ {[%clk 0:01:12]}  Kh5 {[%clk 0:02:22]} 49. gxf4 {[%clk 0:01:41]}  gxf4 {[%clk 0:02:41]} 50. Rf6 {[%clk 0:01:21]}  Kg4 {[%clk 0:02:42]} 51. b5 {[%clk 0:00:37]}  Bxb5 {[%clk 0:03:04]} 52. Kc2 {[%clk 0:01:00]}  Rb4 {[%clk 0:03:07]} 53. Kc3 {[%clk 0:01:29]}  Rb1 {[%clk 0:03:26]} 54. Kc2 {[%clk 0:01:56]} 1/2-1/2

[Event "Masters"]
[Site "Heerlen and Maastricht, NL"]
[Date "2025.06.08"]
[Round "7"]
[White "Van Meegen, Ruud"]
[Black "De Boer, Eelke"]
[Result "1/2-1/2"]
[Board "4"]
[WhiteFideId "1034995"]
[BlackFideId "1048120"]
[WhiteTitle "FM"]
[BlackTitle "IM"]
[WhiteElo "2317"]
[BlackElo "2409"]
[WhiteTeam "NED"]
[BlackTeam "NED"]
[WhiteClock "0:12:00"]
[BlackClock "0:11:38"]
[Variant "Standard"]

1. d4 {[%clk 1:30:55]}  d5 {[%clk 1:29:18]} 2. Nf3 {[%clk 1:31:11]}  Nf6 {[%clk 1:29:12]} 3. g3 {[%clk 1:31:29]}  c5 {[%clk 1:28:57]} 4. Bg2 {[%clk 1:31:49]}  cxd4 {[%clk 1:29:06]} 5. O-O {[%clk 1:32:10]}  h6 {[%clk 1:29:24]} 6. b3 {[%clk 1:31:57]}  e6 {[%clk 1:28:27]} 7. Bb2 {[%clk 1:31:07]}  Bc5 {[%clk 1:28:23]} 8. Nxd4 {[%clk 1:29:35]}  O-O {[%clk 1:28:07]} 9. c4 {[%clk 1:24:27]}  dxc4 {[%clk 1:07:21]} 10. bxc4 {[%clk 1:24:23]}  Qb6 {[%clk 1:07:39]} 11. Nb3 {[%clk 1:23:48]}  Rd8 {[%clk 1:07:56]} 12. Qc1 {[%clk 1:08:55]}  Be7 {[%clk 1:07:31]} 13. Nc3 {[%clk 1:07:58]}  Bd7 {[%clk 1:06:29]} 14. Ba3 {[%clk 0:53:10]}  Bxa3 {[%clk 1:01:02]} 15. Qxa3 {[%clk 0:53:36]}  Bc6 {[%clk 1:01:15]} 16. c5 {[%clk 0:46:24]}  Qc7 {[%clk 1:01:30]} 17. Rfd1 {[%clk 0:43:10]}  Na6 {[%clk 1:00:37]} 18. Bxc6 {[%clk 0:40:23]}  Qxc6 {[%clk 1:00:58]} 19. Qa5 {[%clk 0:40:06]}  Rd7 {[%clk 0:50:57]} 20. Rac1 {[%clk 0:35:26]}  Kh7 {[%clk 0:50:41]} 21. Qb5 {[%clk 0:31:57]}  Rc7 {[%clk 0:37:55]} 22. Qxc6 {[%clk 0:21:54]}  Rxc6 {[%clk 0:38:12]} 23. Nb5 {[%clk 0:22:11]}  Kg6 {[%clk 0:26:12]} 24. Nd6 {[%clk 0:18:07]}  Rb8 {[%clk 0:25:21]} 25. Na5 {[%clk 0:17:49]}  Rxc5 {[%clk 0:25:30]} 26. Naxb7 {[%clk 0:17:40]}  Rxc1 {[%clk 0:17:04]} 27. Rxc1 {[%clk 0:18:06]}  Ne8 {[%clk 0:16:51]} 28. Rc4 {[%clk 0:13:31]}  Nxd6 {[%clk 0:11:21]} 29. Nxd6 {[%clk 0:13:55]}  Rb4 {[%clk 0:11:38]} 30. Kg2 {[%clk 0:12:00]} 1/2-1/2

[Event "Masters"]
[Site "Heerlen and Maastricht, NL"]
[Date "2025.06.08"]
[Round "7"]
[White "Fier, Alexandr"]
[Black "Vrolijk, Liam"]
[Result "1/2-1/2"]
[Board "5"]
[WhiteFideId "2107139"]
[BlackFideId "1048333"]
[WhiteTitle "GM"]
[BlackTitle "GM"]
[WhiteElo "2556"]
[BlackElo "2509"]
[WhiteTeam "BRA"]
[BlackTeam "NED"]
[WhiteClock "1:05:38"]
[BlackClock "0:11:13"]
[Variant "Standard"]

1. c4 {[%clk 1:30:58]}  e5 {[%clk 1:30:11]} 2. Nc3 {[%clk 1:31:23]}  Nf6 {[%clk 1:30:18]} 3. Nf3 {[%clk 1:31:49]}  Nc6 {[%clk 1:30:42]} 4. g3 {[%clk 1:32:15]}  d5 {[%clk 1:26:29]} 5. cxd5 {[%clk 1:32:35]}  Nxd5 {[%clk 1:26:52]} 6. Bg2 {[%clk 1:33:01]}  Bc5 {[%clk 1:27:07]} 7. Qc2 {[%clk 1:33:27]}  Ndb4 {[%clk 1:20:42]} 8. Qa4 {[%clk 1:33:51]}  Bd7 {[%clk 1:15:20]} 9. Qd1 {[%clk 1:34:01]}  Nd4 {[%clk 1:12:27]} 10. O-O {[%clk 1:34:25]}  Nxf3+ {[%clk 1:05:04]} 11. Bxf3 {[%clk 1:34:50]}  Nc6 {[%clk 1:04:32]} 12. d3 {[%clk 1:35:16]}  O-O {[%clk 1:04:25]} 13. Be3 {[%clk 1:35:43]}  Nd4 {[%clk 0:57:45]} 14. Bxd4 {[%clk 1:36:05]}  Bxd4 {[%clk 0:54:28]} 15. Bxb7 {[%clk 1:36:29]}  Rb8 {[%clk 0:54:45]} 16. Bg2 {[%clk 1:36:37]}  Rxb2 {[%clk 0:55:04]} 17. Qc1 {[%clk 1:37:04]}  Rb8 {[%clk 0:50:27]} 18. e3 {[%clk 1:37:20]}  Bb6 {[%clk 0:50:12]} 19. Nd5 {[%clk 1:29:52]}  Be6 {[%clk 0:48:06]} 20. Qc6 {[%clk 1:29:42]}  Qd6 {[%clk 0:43:53]} 21. Rfc1 {[%clk 1:28:49]}  Bxd5 {[%clk 0:38:48]} 22. Bxd5 {[%clk 1:28:38]}  Qxc6 {[%clk 0:35:01]} 23. Bxc6 {[%clk 1:29:04]}  Rbd8 {[%clk 0:35:24]} 24. Bb5 {[%clk 1:28:47]}  g6 {[%clk 0:33:26]} 25. a4 {[%clk 1:29:02]}  a5 {[%clk 0:33:44]} 26. Kf1 {[%clk 1:29:19]}  f5 {[%clk 0:33:02]} 27. Ke2 {[%clk 1:29:46]}  f4 {[%clk 0:31:53]} 28. Rc6 {[%clk 1:27:18]}  fxe3 {[%clk 0:31:38]} 29. fxe3 {[%clk 1:27:43]}  Rd6 {[%clk 0:31:12]} 30. Rac1 {[%clk 1:27:43]}  Rdf6 {[%clk 0:27:45]} 31. Rxf6 {[%clk 1:28:08]}  Rxf6 {[%clk 0:28:10]} 32. h4 {[%clk 1:27:45]}  Kg7 {[%clk 0:27:07]} 33. Bc6 {[%clk 1:28:09]}  g5 {[%clk 0:26:43]} 34. h5 {[%clk 1:23:38]}  g4 {[%clk 0:25:36]} 35. Be4 {[%clk 1:22:55]}  Kh6 {[%clk 0:25:35]} 36. Rb1 {[%clk 1:22:47]}  Rf7 {[%clk 0:22:29]} 37. Rb5 {[%clk 1:18:10]}  Re7 {[%clk 0:22:53]} 38. Bc6 {[%clk 1:18:37]}  Kg5 {[%clk 0:15:31]} 39. d4 {[%clk 1:15:52]}  Kf6 {[%clk 0:15:30]} 40. d5 {[%clk 1:16:18]}  e4 {[%clk 0:11:13]} 41. d6 {[%clk 1:10:30]}  Re6 {[%clk 0:11:37]} 42. d7 {[%clk 1:10:57]}  Ke7 {[%clk 0:11:53]} 43. Rd5 {[%clk 1:10:51]}  Kd8 {[%clk 0:12:17]} 44. Bb7 {[%clk 1:10:20]}  c6 {[%clk 0:10:03]} 45. Rg5 {[%clk 1:10:45]}  Kxd7 {[%clk 0:10:18]} 46. Rg7+ {[%clk 1:07:35]}  Re7 {[%clk 0:10:35]} 47. Bxc6+ {[%clk 1:08:01]}  Kd6 {[%clk 0:10:59]} 48. h6 {[%clk 1:08:27]}  Re6 {[%clk 0:11:08]} 49. Ba8 {[%clk 1:07:00]}  Rxh6 {[%clk 0:11:18]} 50. Bxe4 {[%clk 1:07:25]}  Rh2+ {[%clk 0:11:02]} 51. Kd3 {[%clk 1:07:52]}  Ra2 {[%clk 0:11:13]} 52. Rxg4 {[%clk 1:05:38]} 1/2-1/2

[Event "Masters"]
[Site "Heerlen and Maastricht, NL"]
[Date "2025.06.08"]
[Round "8"]
[White "Braun, Christian"]
[Black "Vrolijk, Liam"]
[Result "0-1"]
[Board "1"]
[WhiteFideId "4692098"]
[BlackFideId "1048333"]
[WhiteTitle "IM"]
[BlackTitle "GM"]
[WhiteElo "2390"]
[BlackElo "2509"]
[WhiteTeam "GER"]
[BlackTeam "NED"]
[WhiteClock "0:41:45"]
[BlackClock "1:07:40"]
[Variant "Standard"]

1. e4 {[%clk 1:22:53]}  e5 {[%clk 1:30:54]} 2. Nf3 {[%clk 1:22:43]}  Nc6 {[%clk 1:31:17]} 3. Bc4 {[%clk 1:22:22]}  Bc5 {[%clk 1:31:40]} 4. c3 {[%clk 1:21:15]}  Nf6 {[%clk 1:31:53]} 5. d4 {[%clk 1:21:33]}  exd4 {[%clk 1:32:17]} 6. cxd4 {[%clk 1:21:58]}  Bb4+ {[%clk 1:32:40]} 7. Nc3 {[%clk 1:22:24]}  Nxe4 {[%clk 1:31:28]} 8. O-O {[%clk 1:22:45]}  Bxc3 {[%clk 1:31:42]} 9. d5 {[%clk 1:23:07]}  Ne5 {[%clk 1:30:32]} 10. bxc3 {[%clk 1:23:11]}  Nxc4 {[%clk 1:30:50]} 11. Qd4 {[%clk 1:23:35]}  O-O {[%clk 1:30:34]} 12. Qxe4 {[%clk 1:23:56]}  Nd6 {[%clk 1:30:00]} 13. Qf4 {[%clk 1:24:19]}  Re8 {[%clk 1:26:21]} 14. Nd4 {[%clk 1:17:01]}  b6 {[%clk 1:19:01]} 15. Bd2 {[%clk 0:50:16]}  Bb7 {[%clk 1:10:04]} 16. Rae1 {[%clk 0:41:45]}  Bxd5 {[%clk 1:07:40]} 0-1